000 nam a22 7a 4500
999 _c128002
_d128002
008 180530b xxu||||| |||| 00| 0 eng d
050 _aPE-90-1
100 _aUnderhill, Adrian
_941740
245 _aUse your dictionary
_ba practice book for users of oxford advanced learner's dictionary of current English and oxford student's dictionary of current English
_cAndrian Underhill
260 _aOxford
_bOxford University Press
_c1980
300 _a56p. ;
_c29cm.
942 _2lcc
_cMONOGRAPH